Manet
Gardado en:
| Autor Principal: | |
|---|---|
| Formato: | Libro |
| Idioma: | Lingua castelá |
| Publicado: |
Valencia
IVAM
2003
|
| Edición: | 1a. ed |
| Series: | Colección de Arquitectura, 48
|
| Subjects: | |
| Tags: |
Engadir etiqueta
Sen Etiquetas, Sexa o primeiro en etiquetar este rexistro!
|
MARC
| LEADER | 00000cam a2200000 a 4500 | ||
|---|---|---|---|
| 001 | UCF1544 | ||
| 003 | CL-VaPUC | ||
| 008 | 120711e20030000SP |||||||||||||||||spa|d | ||
| 020 | |a 8489882193 | ||
| 082 | 0 | 4 | |a 759.05 |b BAT |2 21 |
| 100 | 0 | |a Bataille, Georges |e author |9 563039 | |
| 245 | 1 | 0 | |a Manet |
| 250 | |a 1a. ed | ||
| 300 | |a 96 p | ||
| 942 | |c BK | ||
| 945 | |d 20120711 00:00:00 |a cmena | ||
| 260 | |a Valencia |b IVAM |c 2003 | ||
| 600 | 0 | |a Manet, Édouard, |d 1832-1883 |9 266094 | |
| 650 | 0 | |a Pintura francesa |9 266122 | |
| 650 | 0 | |a Romanticismo |9 266698 | |
| 583 | |a last modification |c 20120711 16:46:00 |k Rodrigo Vera | ||
| 490 | 0 | |a Colección de Arquitectura, 48 | |
| 999 | |c 348271 |d 348269 | ||
| 952 | |0 0 |1 0 |4 0 |6 759_050000000000000_BAT_2003 |7 0 |8 R |9 450231 |a BIBART |b BIBART |d 2019-11-22 |i 4882059 |l 2 |o 759.05 BAT 2003 |p 4882059 |q 2025-07-31 |r 2025-03-31 |s 2025-03-31 |w 2019-11-22 |y BK_R |k ART | ||